00610nam a22001697a 450000500170000001000130001702000270003003500130005703700130007008200120008324501790009526000330027427000650030730000260037250000190039850500230041720180222104412.0 aB-689596 c1895.00a9789381308196 aB-689596 bBSBadpl a345.052 aIyer's a legal treatise on police diaries :bwith a special emphasis upon crime detection criminal investigation prosecution & RTI disclosures of contents of case diaries / aDelhibDelhi Law Housec2017 a77, Gokhale Market, Opp. Tix Hazari Courts, bDelhi e110034 acxl,1592p. c25cm(Hb) aIncludes index aRashtrapati Bhawan